000 00856nam a2200265Ia 4500
003 OSt
005 20221005092311.0
006 a|||||r|||| 00| 0
007 ta
008 221004b |||||||| |||| 00| 0 eng d
020 _a9780415735674 (hbk)
_c8968.5
024 _a24853
037 _b1644, 22/12/2015, The Book Seller
_cTextual
040 _aCRL
_cCRL
_beng
041 _2eng
_aeng
082 _aY:5.63, Q6
100 _aOdimegwu Clifford O. Ed.
_9617118
245 0 _aSocial Demography Of South Africa
_b Advances and Emerging Issues
260 _aNew York
_bRoutledge U.S.A.
_c2016
300 _axx, 324p.
_ccm.
650 _aSOCIOLOGY
700 _a Kekovole John Ed.
_9617119
942 _hY:5.63, Q6
_cTEXL
_2cc
999 _c998641
_d998641